Quick Pick: Category Mix Quiz Stats

Quiz Updated May 25, 2016

Challenge
Share
Tweet
Embed
Score 0/10 Timer 01:00
1 Play Today
% Correct
XYGOEN
92.2%
SUEYTAD
92%
OYKTO
91.5%
DPEYO
89.1%
NUEQE
88.7%
LLHEOTO
80%
NOLCINL
79.8%
OMAORN
72%
LAIRAUTSA
67.1%
RIUQSLRE
63.5%

Today's Daily Dose

Word Ladder
Summertime

On This Day
June 23rd II

You're not logged in!

Compare scores with friends on all Sporcle quizzes.
Join for Free
OR
Log In

You Might Also Like...

Show Comments

Extras

Top Quizzes Today


Score Distribution

Your Account Isn't Verified!

In order to create a playlist on Sporcle, you need to verify the email address you used during registration. Go to your Sporcle Settings to finish the process.

Report this User

Report this user for behavior that violates our Community Guidelines.

Details: